000 00880nam a22003017a 4500
001 0074
003 DO-SdBNP
005 20180222100121.0
007 0074
008 151106b 1978 sp a || |||| 00| 0 spa d
020 _a8427243383
040 _aBPMSU
_bspa
_cBPMSU
041 1 7 _aspa
_heng
092 _axxxxxxx
_bxxxxxxx
100 1 0 _aSobol, Donald J.
245 1 0 _aSigue todas las pistas /
_cDonald J. Sobol ; traducción C. Loner ; ilustración Leonard Shortall
246 1 0 _aTracks them down
260 _aBarcelona, España :
_bMolino,
_c1978.
300 _a109 p. :
_bil.,
_c20 cm.
490 1 0 _aEnciclopedia Brown
_v8
500 _aIncluye notas al pie de las páginas
700 1 0 _aLoner, C.,
_etr.
700 1 0 _aShortall, Leonard,
_eil.
830 0 0 _aEnciclopedia Brown
_n8
942 _2ddc
_cBK
945 _aInventariado, 2018/ YL
956 _aBrenda Tavárez
999 _c8595
_d8595